DISTRICT LABORATORY PRACTICE IN TROPICAL COUNTRIES (Record no. 16883)

MARC details
000 -LEADER
fixed length control field 00387nam a22001577a 4500
003 - CONTROL NUMBER IDENTIFIER
control field SGT
020 ## - INTERNATIONAL STANDARD BOOK NUMBER
International Standard Book Number 978-0-521-13517-7
082 ## - DEWEY DECIMAL CLASSIFICATION NUMBER
Classification number 616.9883
Item number D18C
100 ## - MAIN ENTRY--PERSONAL NAME
Personal name CHEESBROUGH,MONICA
245 ## - TITLE STATEMENT
Title DISTRICT LABORATORY PRACTICE IN TROPICAL COUNTRIES
250 ## - EDITION STATEMENT
Edition statement 2ND
260 ## - PUBLICATION, DISTRIBUTION, ETC. (IMPRINT)
Place of publication, distribution, etc NEW DELHI
Name of publisher, distributor, etc CAMBRIDGE UNIVERSITY PRESS
Year of Publication 2018
300 ## - PAGE DESCRIPTION
No. of Pages 454
650 ## - SUBJECT ADDED ENTRY--TOPICAL TERM
Topical term or geographic name as entry element AYURVEDA
942 ## - ADDED ENTRY ELEMENTS (KOHA)
Source of classification or shelving scheme Dewey Decimal Classification
Koha item type Books
Holdings
Withdrawn status Lost status Source of classification or shelving scheme Damaged status Use restrictions Not for loan Collection code Home library Current library Shelving location Date acquired Vendor Name Cost, normal purchase price Volume Information (Serial or Books or Non-Book Material) SGTU Bill Number Full call number Accession No. (Barcode) Date last seen Bill Date Koha item type Total Checkouts
    Dewey Decimal Classification   Restricted Access   AYURVEDA SGT FA-FP Library SGT FA-FP Library Reference Book 14/02/2019 AHUJA PUB 895.00 1 SGTU 10602 616.9883 D18C FA9927 14/02/2019 31/01/2019 Books  
    Dewey Decimal Classification       AYURVEDA SGT FA-FP Library SGT FA-FP Library Text Book 14/02/2019 AHUJA PUB 895.00 1 SGTU 10602 616.9883 D18C FA9928 14/02/2019 31/01/2019 Books  
    Dewey Decimal Classification   Restricted Access   AYURVEDA SGT FA-FP Library SGT FA-FP Library Reference Book 14/02/2019 AHUJA PUB 795.00 2 SGTU 10602 616.9883 D18C FA9929 14/02/2019 31/01/2019 Books  
    Dewey Decimal Classification       AYURVEDA SGT FA-FP Library SGT FA-FP Library Text Book 14/02/2019 AHUJA PUB 795.00 2 SGTU 10602 616.9883 D18C FA9930 14/02/2019 31/01/2019 Books